00740nam a22002177a 4500003000500000005001700005008004100022010001000063011001000073035001000083040000900093100002000102245011600122260003100238300001000269490002800279500010700307650001800414711006200432830002800494CHAP20220329140322.0971013s1966 r 00010 d a50325 a51297 a55447 cCHAP00aPirea, Antonio. aFormación del veterinario en cuanto a su responsabilidad en el desarrollo económico del sub-sector pecuario aCaracas :b(s.e.),c(1966) a12 h. aSimposio No.3v; tema 4 aPonencia presentada en: Congreso Panamericano de Medicina Veterinaria y Zootecnia (5 : 1966 : Caracas)14aVeterinarios.0 aCongreso Panamericano de Veterinaria (5 : 1966 : Caracas)0 aSimposio No.3v; tema 4